| 000 | 01563nam a22003737a 4500 | ||
|---|---|---|---|
| 003 | OSt | ||
| 005 | 20260512115122.0 | ||
| 008 | 260512b |||||||| |||| 00| 0 aze d | ||
| 020 | _a9789952520965 | ||
| 040 |
_aAZ-XaKU _baze _cAZ-XaKU |
||
| 041 | _aaze | ||
| 050 | 0 | 4 | _aPN2918 .Ag . R1293 .T3408 2018 |
| 100 | 1 |
_aRəhimli, İlham, _cprofessor, _d1949 - , _emüəllif. |
|
| 245 | 1 |
_aAzərbaycan Teatrı _c/ İlham Rəhimli |
|
| 264 |
_aBakı: _bTEAS Press nəşriyyat evi, _c2018. |
||
| 300 |
_a912 səhifə ; _bşəkilli ; _c21 sm. |
||
| 336 |
_atext _btxt _2rdacontent |
||
| 337 |
_aunmediated _bn _2rdamedia |
||
| 338 |
_avolume _bnc _2rdacarrier |
||
| 500 | _aİki əsrlik sıhnə tariximiz bir kitabda | ||
| 504 | _aBiblioqrafiya: səh. 902-903 | ||
| 505 | 0 | _aI Hissə. Meydan teatrı -- II Hissə. Peşakar teatrın təşəkkülü və inkişaf mərhələləri -- Musiqili teatrların yaranması -- III Hissə. Teatrlar dövlət təsisatında -- IV Hissə. Mövzu, janr və üslub axtarışları -- V Hissə. Kukla teatrları -- VI Hissə. Bərpaa olunan teatrlar -- VII Hissə. Yeni teatrlar -- VIII Hissə. Teatrşünaslığın təşəkkülü və təkamülü | |
| 521 | _aÜmumi oxucu kütləsi | ||
| 546 | _aaze | ||
| 600 | _2AZ-XaKU | ||
| 650 | 7 |
_aTeatr _2AZ-XaKU |
|
| 655 | _aTarixi oçerklər | ||
| 700 | 1 |
_aVəliyev, Ədalət, _eElmi redaktor. |
|
| 700 | 1 |
_aƏlizadə, Məryəm, _eredaktor. |
|
| 700 | 1 |
_aSadıqov, Rafiq, _eredaktor. |
|
| 700 | 1 |
_aTalıbzadə, Aydın, _eredaktor. |
|
| 942 | _cBOOK | ||
| 999 |
_c426 _d426 |
||